| 000 | 00407nam a2200145Ia 4500 | ||
|---|---|---|---|
| 008 | 211118s9999||||xx |||||||||||||| ||und|| | ||
| 082 |
_a894.81205 _bMAT-V |
||
| 100 | _aMathew, T V | ||
| 245 | 0 | _aVrutthasastram | |
| 260 |
_bState Institute of Languages _aThiruvanathapuram _c1996 |
||
| 300 | _a366p | ||
| 630 | _xGeneral Stack | ||
| 650 |
_aMalayalam Literature _vMalayalam GrammarMalayalam |
||
| 942 | _cBOOK | ||
| 999 |
_c96813 _d96813 |
||